| 000 | 00428nam a2200169Ia 4500 | ||
|---|---|---|---|
| 003 | SGT | ||
| 020 | _a9788131700709 | ||
| 082 |
_a4.22 _bMAN |
||
| 100 | _aMano,M. Morris | ||
| 245 | _aComputer system architecture | ||
| 250 | _a3rd . Ed. | ||
| 260 |
_bPearson _aN.Delhi _c2008 |
||
| 300 | _a520p. | ||
| 650 | _aCOMPUTER SCIENCE | ||
| 653 | _aDIGITAL LOGIC CIRCUITS,DIGITAL COMPONENTS,DATA REPRESENTATION, | ||
| 942 |
_2ddc _cBK _058 |
||
| 999 |
_c5185 _d5185 |
||